Mad Falcon Food Choices Quiz Stats

 Plays Quiz not verified by Sporcle

Score 0/10 Timer 03:00
0 Plays Today
Awful Hint The Menu % Correct
UnderwaterSubs
100%
ToeChicken Fingers
80%
ClothedNAKED!!!
80%
2 glorious foods joinedpizza bagels
80%
FishMozzarella Sticks
60%
Wheres the f'in signf'real
60%
BUFFBuffalo Chicken Pizza
60%
FlyWings
60%
pub menunachos
60%
lil pizzaflat bread pizza
60%

You're not logged in!

Compare scores with friends on all Sporcle quizzes.
OR
Log In

Show Comments

Extras

Top Quizzes Today


Score Distribution

Your Account Isn't Verified!

In order to create a playlist on Sporcle, you need to verify the email address you used during registration. Go to your Sporcle Settings to finish the process.

Report this User

Report this user for behavior that violates our Community Guidelines.

Details: